Sistemas de alarma: para el piso, el chalet y el automóvil (Registro nro. 109)
[ vista simple ]
| 000 -Cabecera | |
|---|---|
| Campo de control de longitud fija | 00713aam a2200277 4500 |
| 005 - Fecha y hora de la última transacción | |
| Campo de control | 20260413151912.0 |
| 008 - Elementos de longitud fija--Información general | |
| Campo de control de longitud fija | 150721b1994 xxu||||| |||| 00| 0 spa d |
| 020 ## - International Standard Book Number | |
| Número Internacional Estándar del Libro (ISBN) | 8432954152 |
| 041 ## - Idioma | |
| Código de idioma | Español |
| 082 ## - Clasificación Decimal Dewey | |
| Número de clasificación | 364.4 W492s |
| 100 ## - Entrada principal--Autor personal | |
| Nombre personal | Werner Bastian, Hans |
| 245 ## - Título propiamente dicho | |
| Título | Sistemas de alarma: para el piso, el chalet y el automóvil |
| 260 ## - Pie de imprenta | |
| Lugar de publicación, distribución, etc. | España |
| 260 ## - Pie de imprenta | |
| Nombre del editor, distribuidor, etc. | Ediciones Ceac |
| 260 ## - Pie de imprenta | |
| Fecha de publicación, distribución, etc. | 1994 |
| 300 ## - Descripción física | |
| Extensión | 63 páginas |
| 490 ## - Serie | |
| Título de la Serie | Investigación Criminal |
| 650 ## - Materia general | |
| Temática (materia general) | ALARMAS |
| 650 ## - Materia general | |
| Temática (materia general) | SISTEMAS DE ALARMAS |
| 650 ## - Materia general | |
| Temática (materia general) | ROBOS |
| 650 ## - Materia general | |
| Temática (materia general) | SEGURIDAD MECÁNICA |
| 650 ## - Materia general | |
| Temática (materia general) | SEGURIDAD ELECTRÓNICA |
| 650 ## - Materia general | |
| Temática (materia general) | ALAMA ALÁMBRICA |
| 650 ## - Materia general | |
| Temática (materia general) | EQUIPOS DE ALARMA |
| 942 ## - Punto de acceso adicional KOHA | |
| Tipo de ítem KOHA | Libro |
| Fuente del sistema de clasificación o colocación | Dewey Decimal Classification |
| Signatura completa | Código de barras | Programa Académico | Tipo de ítem |
|---|---|---|---|
| 364.4 W492s | 1623 | Investigación Criminal | Libro |